Maravillas y curiosidades (Record no. 1137)
[ view plain ]
| 000 -CABECERA | |
|---|---|
| campo de control de longitud fija | 00655nam a2200169 a 4500 |
| 001 - NÚMERO DE CONTROL | |
| campo de control | BRCA_1268 |
| 005 - FECHA Y HORA DE LA ÚLTIMA TRANSACCIÓN | |
| campo de control | 20190320203344.0 |
| 008 - DATOS DE LONGITUD FIJA--INFORMACIÓN GENERAL | |
| campo de control de longitud fija | 171105s2003----mx-a---###---#000-0#spa-d |
| 050 #4 - SIGNATURA TOPOGRÁFICA DE LA BIBLIOTECA DEL CONGRESO | |
| Número de clasificación | N5230 |
| Número de documento/Ítem | .M37 2003 |
| 245 10 - MENCIÓN DE TÍTULO | |
| Título | Maravillas y curiosidades |
| Resto del título | mundos inéditos de la Universidad |
| Mención de responsabilidad, etc. | Antiguo Colegio de San Ildefonso. |
| 260 ## - PUBLICACIÓN, DISTRIBUCIÓN, ETC. | |
| Lugar de publicación, distribución, etc. | México |
| Nombre del editor, distribuidor, etc. | UNAM : CONACULTA |
| Fecha de publicación, distribución, etc. | 2003 |
| 300 ## - DESCRIPCIÓN FÍSICA | |
| Extensión | 30 p. |
| Otras características físicas | il. |
| Dimensiones | 20 cm. |
| 500 ## - NOTA GENERAL | |
| Nota general | Catálogo de la exposición realizada en el Antiguo Colegio de San Ildefonso (Ciudad de México), octubre - marzo, 2003 |
| 500 ## - NOTA GENERAL | |
| Nota general | Incluye índice de foto |
| 650 14 - PUNTO DE ACCESO ADICIONAL DE MATERIA--TÉRMINO DE MATERIA | |
| Término de materia o nombre geográfico como elemento de entrada | Coleccionistas y colecciones |
| Subdivisión general | Historia |
| Subdivisión geográfica | México |
| 9 (RLIN) | 3606 |
| 942 ## - ELEMENTOS DE PUNTO DE ACCESO ADICIONAL (KOHA) | |
| Fuente del sistema de clasificación o colocación | Library of Congress Classification |
| Tipo de ítem Koha | Libros |
| Estado de retiro | Estado de pérdida | Estado dañado | No para préstamo | Localización permanente | Ubicación/localización actual | Fecha de adquisición | Total de préstamos | Signatura topográfica completa | Código de barras | Fecha visto por última vez | Precio válido a partir de | Tipo de ítem Koha |
|---|---|---|---|---|---|---|---|---|---|---|---|---|
| El ejemplar forma parte de la colección y puede ser consultado según las políticas vigentes. | Biblioteca del Museo Franz Mayer (Rogerio Casas-Alatriste) | Biblioteca del Museo Franz Mayer (Rogerio Casas-Alatriste) | 26/06/2008 | N5230 .M37 2003 | 01770 | 22/03/2019 | 22/03/2019 | Libros |